The Origins of the Second World War /

Furkejuvvon:
Bibliográfalaš dieđut
Váldodahkki: Taylor, A.J.P (autor)
Materiálatiipa: Girji
Giella:eaŋgalasgiella
Ráidu:(A Premier Book ; T193)
Fáttát:
Fáddágilkorat: Lasit fáddágilkoriid
Eai fáddágilkorat, Lasit vuosttaš fáddágilkora!

MARC

LEADER 00000nam^a2200000^a^4500
001 000182463
005 20250521000000.0
009 20260310102007.366
037 |a Acervo ITESO - Biblioteca 
041 |a ING 
082 |a 940. 53  |b TAY 
100 |a Taylor, A.J.P.  |e (autor) 
245 1 4 |a The Origins of the Second World War /  |c A.J.P. Taylor. 
264 |a Nueva York, EUA :  |b Fawcet World Library,  |c 1963 
300 |a 286 p. 
336 |a texto  |b txt  |2 rdacontenido 
337 |a sin mediación  |b n  |2 rdamedio 
338 |a volumen  |b nc  |2 rdasoporte 
440 2 |a (A Premier Book ;  |v T193) 
649 |a XX 
650 |a Guerra Mundial (Segunda), 1939-1945 -  |x Historia -  |x Causas 
650 |a Guerra Mundial (Segunda), 1939-1945 -  |x Historia 
650 |a Política Internacional -  |x Historia -  |y Siglo XX 
650 |a Historia Moderna -  |y Siglo XX 
650 |a Europa -  |x Historia -  |y Siglo XX 
910 |a Fondo General 
920 |a Impresos - Libros 
930 |a Colección General 
905 |a 101 
901 |a 0500122288  |b IT1  |c ACC  |u 20250521 
902 |a https://opac.biblio.iteso.mx/vufind/Record/000182463